| 000 | 00692nam a2200229Ia 4500 | ||
|---|---|---|---|
| 005 | 20250108125143.0 | ||
| 008 | 008 250107s9999 xx 000 0 eng d | ||
| 020 | _a978-93-86589-26-2 | ||
| 037 | _aTB | ||
| 040 |
_aCRL _beng _cCRL |
||
| 041 |
_asin _2eng |
||
| 084 | _aQ29xK18 152P6.1-.13 (RR) | ||
| 084 | _qCRL | ||
| 100 |
_aTekchandani Ravi Prakash Au. _9730484 |
||
| 245 | 0 |
_aMurlidhar Jetley: shakhsiyat ain rachanaun _cTekchandani Ravi Prakash Au. |
|
| 260 |
_aFaizabad, India _bSindhi Book Trust _c3479 |
||
| 300 | _a186p. | ||
| 365 |
_aINR _b2800 |
||
| 650 | _aSINDHI LITERATURE | ||
| 942 |
_cTB _hQ29xK18 152P6.1-.13 (RR) |
||
| 999 |
_c1235867 _d1235867 |
||